Compendios de medicina y cirugía (Record no. 40034)

MARC details
000 -LEADER
campo de control de longitud fija 00527nam a2200157 i 4500
001 - NÚMERO DE CONTROL
campo de control 40034
003 - IDENTIFICADOR DE NÚMERO DE CONTROL
campo de control ES-MaACL
007 - CAMPO FIJO DE DESCRIPCIÓN FÍSICA--INFORMACIÓN GENERAL
campo de control de longitud fija t|
008 - DATOS DE LONGITUD FIJA--INFORMACIÓN GENERAL
campo de control de longitud fija 030305s1926 sp ||||1| spa d
100 1# - ENTRADA PRINCIPAL--NOMBRE DE PERSONA
Nombre de persona Cantonnet, Paul.
9 (RLIN) 34687
245 10 - MENCIÓN DEL TÍTULO
Título Compendios de medicina y cirugía
Resto del título : el pulmón turberculoso /
Mención de responsabilidad, etc. Paul Cantonnet ; traducción de José Codina Suqué.
260 ## - PUBLICACIÓN, DISTRIBUCIÓN, ETC.
Lugar de publicación, distribución, etc. Madrid :
Nombre del editor, distribuidor, etc. [s.n.,
Fecha de publicación, distribución, etc. 1926] (
Fabricante Imp. Cervantina)
300 ## - DESCRIPCIÓN FÍSICA
Extensión VIII, 165 p. ;
Dimensiones 17 cm.
700 1# - ENTRADA AGREGADA--NOMBRE PERSONAL
Nombre de persona Codina Suqué, José.
9 (RLIN) 39435
852 ## - LOCALIZACIÓN
Ubicación ES-MaACL
Número de control de estantería B-9767
Sublocalización o colección R.18500
Holdings
Estatus retirado Estado de pérdida Estado de daño No para préstamo Biblioteca de origen Biblioteca actual Ubicación en estantería Fecha de adquisición Fuente de adquisición Total de préstamos Signatura topográfica completa Código de barras Visto por última vez Precio de reemplazo Tipo de ítem Koha
        Biblioteca del Ateneo de Madrid Biblioteca del Ateneo de Madrid Sala Pardo Bazán 17/01/2008     B-9767 1042151 23/02/2023 23/02/2023 Libro impreso